|
|
|
|
| LEADER |
00000ny a22000003n 4500 |
| 005 |
20110511101556.0 |
| 006 |
s r p s a0 |
| 007 |
cr cnu m|a|a |
| 008 |
801105c1980 inubx1p j 0 a0eng c |
| 010 |
|
|
|a sn 80002761
|
| 022 |
1 |
|
|a 0272-7145
|
| 035 |
|
|
|a 2830
|
| 040 |
|
|
|a WaSeSS
|d vLex
|
| 082 |
|
0 |
|a 028.5
|
| 090 |
|
|
|c 1605
|d 1605
|
| 245 |
3 |
0 |
|a Children's digest
|h [Recurso electrn̤ico]
|
| 246 |
3 |
3 |
|a Children's digest (Indianapolis, Ind.)
|
| 256 |
|
|
|a Servicio en ln̕ea
|
| 260 |
|
|
|a Indianapolis, IN :
|b Benjamin Franklin Literary & Medical Society
|
| 310 |
|
|
|a Quincenal,
|b 2003-
|
| 321 |
|
|
|a Mensual
|
| 506 |
1 |
|
|a Contenido solo disponible en los productos indicados
|d vLex Global
|d vLex Global (Academic Edition, excluding Law Schools)
|d vLex Global (Academic Edition, Law Schools)
|
| 650 |
0 |
4 |
|a Salud
|x Publicaciones perid̤icas
|
| 710 |
2 |
|
|a Benjamin Franklin Literary & Medical Society
|
| 740 |
0 |
|
|a vLex Revista (Servicios en ln̕ea)
|
| 843 |
|
|
|a Electrn̤ica. Abierta
|
| 853 |
|
|
|8 1
|i (year)
|j (month)
|k (day)
|
| 856 |
4 |
0 |
|z Acceso restringido
|u http://vlex.com/account/login_ip?fuente_id=2830
|
| 942 |
|
|
|c REV
|
| 999 |
|
0 |
|a Health
|v Periodicals.
|
| 999 |
|
0 |
|a Literature
|v Collections
|v Periodicals.
|